|
|
|
|
| LEADER |
01443nam a2200373Ia 4500 |
| 001 |
EBC542558 |
| 003 |
MiAaPQ |
| 005 |
20200520144314.0 |
| 006 |
m o d | |
| 007 |
cr cn||||||||| |
| 008 |
100226s2010 ne a sb 001 0 eng d |
| 020 |
|
|
|z 9789089641861
|
| 020 |
|
|
|z 9789048511747
|
| 035 |
|
|
|a (MiAaPQ)EBC542558
|
| 035 |
|
|
|a (Au-PeEL)EBL542558
|
| 035 |
|
|
|a (CaPaEBR)ebr10373193
|
| 035 |
|
|
|a (CaONFJC)MIL259183
|
| 035 |
|
|
|a (OCoLC)607886547
|
| 040 |
|
|
|a MiAaPQ
|c MiAaPQ
|d MiAaPQ
|
| 050 |
|
4 |
|a HD7179
|b .S755 2010
|
| 100 |
1 |
|
|a Stiller, Sabina.
|
| 245 |
1 |
0 |
|a Ideational leadership in German welfare state reform
|h [electronic resource] :
|b how politicians and policy ideas transform resilient institutions /
|c Sabina Stiller.
|
| 260 |
|
|
|a Amsterdam :
|b Amsterdam University Press :
|b Pallas,
|c c2010.
|
| 300 |
|
|
|a 253 p. :
|b ill.
|
| 490 |
1 |
|
|a Changing welfare states
|
| 504 |
|
|
|a Includes bibliographical references and index.
|
| 533 |
|
|
|a Electronic reproduction. Ann Arbor, MI : ProQuest, 2015. Available via World Wide Web. Access may be limited to ProQuest affiliated libraries.
|
| 650 |
|
0 |
|a Social security
|x Government policy
|z Germany.
|
| 650 |
|
0 |
|a Policy sciences.
|
| 651 |
|
0 |
|a Germany
|x Social policy.
|
| 655 |
|
4 |
|a Electronic books.
|
| 710 |
2 |
|
|a ProQuest (Firm)
|
| 830 |
|
0 |
|a Changing welfare states.
|
| 856 |
4 |
0 |
|u https://ebookcentral.proquest.com/lib/matrademy/detail.action?docID=542558
|z Click to View
|